| 000 | 00691nam a22002417a 4500 | ||
|---|---|---|---|
| 001 | 781 | ||
| 005 | 20260213120332.0 | ||
| 008 | 130115b xxu||||| |||| 00| 0 eng d | ||
| 020 | _a978027363401-0 | ||
| 040 | _aBSULIB | ||
| 082 |
_222 _a658.3 _bGRA |
||
| 100 |
_aGraham, H. T. _92038 |
||
| 245 |
_aHuman Resources Management/ _cH T Graham, Roger Bennett. |
||
| 250 | _a9th ed. | ||
| 260 |
_aHarlow: _bPrentice Hall: Financial Times, _c1998. |
||
| 300 |
_aix, 435P _c23cm. _bill.; |
||
| 440 |
_aFrameworks _9751 |
||
| 500 | _aIncludes bibliographical references and index. | ||
| 650 |
_aHuman Resource _92039 |
||
| 658 | _aManagement | ||
| 700 |
_aBennett, Roger _926281 |
||
| 942 |
_2ddc _cBK |
||
| 999 |
_c781 _d781 |
||